Objective non-verbal reasoning / (Record no. 147497)

MARC details
000 -LEADER
fixed length control field 00511nam a22001817a 4500
005 - DATE AND TIME OF LATEST TRANSACTION
control field 20171117114923.0
010 ## - LCCN (DPL NO)
LC control number ENG-121435
020 ## - INTERNATIONAL STANDARD BOOK NUMBER
International Standard Book Number 9789325993570
Terms of availability 300.00
035 ## - SYSTEM CONTROL NUMBER
System control number EN-104967
037 ## - SOURCE OF ACQUISITION
Source of stock number/acquisition DBAD/PUB
082 ## - DEWEY DECIMAL CLASSIFICATION NUMBER
Classification number 000
245 ## - TITLE STATEMENT
Title Objective non-verbal reasoning /
260 ## - PUBLICATION, DISTRIBUTION, ETC. (IMPRINT)
Place of publication, distribution, etc Noida
Name of publisher, distributor, etc S.Chand Publishing
Date of publication, distribution, etc 2014
270 ## - ADDRESS
Address 7361,Ram Nagar
City New Delhi
Postal code 110055
300 ## - PHYSICAL DESCRIPTION
Extent Verious Pagings :
Dimensions 28cm(pbk)
Other physical details ill.
490 ## - SERIES STATEMENT
Series statement Exam Success Series
942 ## - ADDED ENTRY ELEMENTS (KOHA)
Source of classification or shelving scheme Dewey Decimal Classification
Item type English Books
Call number suffix OBJ
Classification part 000
Holdings
Withdrawn status Lost status Not for loan Collection code Home library Current library Date acquired Source of acquisition Cost, normal purchase price Full call number Barcode Copy number Cost, replacement price Koha item type
    Not For Loan Non-fiction D.B.Act.Division Bawana 17/11/2017 DBAD/PUB 300.00 000 CHA EN-104967 1 300.00 English Books

© Delhi Public Library
Hit Counter
free hit counter